000 00455 a2200169 4500
005 20260312150809.0
008 260312b |||||||| |||| 00| 0 eng d
020 _a9781839760105
040 _cSDCL
041 _2eng
_aeng
084 _aV463'P R5
100 _aRuthven, Malise
_9822130
245 _aUnholy Kingdom :
_bReligion, Corruption and Violence in Saudi Arabia
260 _aLondon :
_bVerso,
_c2025.
300 _a368p.
942 _cTEXL
_2CC
999 _c1497296
_d1497296